000 00434nam a2200181Ia 4500
001 23056
005 20260414150912.0
008 260414t2013||||xx |||||||||||||| ||spa||
041 _aESP
082 _a624.1821
_bM12
100 _aMcCormac, Jack C.
_eAUT
245 0 _aDiseño de estructuras de acero
_b
260 _c2013
300 _axii, 724 páginas :
_c23 cm.
650 _a0
654 _aCIC
942 _cLIB
_dJUS
_fJUS
_2ddc
_n
999 _c23056
_d23056